000 01116aam a2200301 i 4500
001 768714001
003 CO-MdFUSB
005 20220802161554.0
007 ta
008 220802t2005 ec abd|| |||| 00| 0 spa d
020 _a9978910581
040 _bspa.
_aCO-MdFUSB
_cCO-MdFUSB
_dCO-MdFUSBC
_erda
041 _aspa
082 0 4 _223
_a220.4
_bB7153
100 1 _aBonilla, Yattencity
_eautor
245 1 _aDescubriendo el misterio del texto Bíblico
_c/ Yattencity Bonilla
264 1 _aQuito, Ecuador :
_bConsejo Latinoamericano de Iglesias,
_c[2005]
264 4 _c© 2005
300 _a183 páginas
_c; 30 cm
336 _2rdacontent
_atexto
_btxt
337 _2rdamedia
_asin mediación
_bn
338 _2rdacarrier
_avolumen
_bnc
505 _aConocimiento de las lenguas Bíblicas - Formación del texto del Antiguo Testamento - Formación literaria del Nuevo Testamento - Tipos de caligrafía y materiales utilizados - códices del Antiguo y Nuevo Testamento - Versiones de las escrituras
563 _aRústico
650 0 _aBiblia
_9360
_bEvidencias, autoridad, etc.
942 _cBK
945 _aJTF-925
999 _c42048
_d42048